000 00978nam a2200181Ia 4500
999 _c37579
_d37579
001 3550
003 GE_BSU
005 20190620155205.0
008 181216s1981||||ge |||||||||||||| ||geo||
040 _cGE_BSU
041 _ageo
080 _a502 მ–97
245 _aმცენარეული სამყაროს დაცვის პრობლემები (1980 წლის 20 მაისს დაბა ქედაში გამართული გამსვლელი სამეცნიერო სესიის მასალები) /
_cსაქ. სსრ ბოტანიკური საზ-ბა. საქ. სსრ მეცნ. აკადემიის ბათუმის ბოტანიკური ბაღი.
264 _a ბათუმი :
_b საბჭ. აჭარა,
_c1981.
300 _a123 გვ. ;
_b22 სმ.
653 _aმცენარეთა დაცვა
942 _cBK
_2udc